000 01872nam a22002537a 4500
003 AR-RoUNCS
005 20251127083038.0
008 251127t2024 sp ||||r|||| 00| f spa d
022 _2978-950-732-626-4
040 _aAR-RoUNCS
_cAR-RoUNCS
080 _082-31(460)
100 1 _aNot, Alina,
_eautor
245 1 0 _aTú, por pura casualidad /
_cAlina Not.
250 _a1a ed.
260 _aBarcelona :
_bCrossbooks,
_c2024.
300 _a480 p. ;
_c24 cm.
490 0 _aTrilogía Azar ;
_v1
520 3 _aSinopsis: ¡Volverás a sentir las mariposas con Alina Not! Más de 150.000 lectoras.¿El amor está escrito en nuestro destino?¿Crees que bastan treinta segundos para proyectar lo vivido y desvelar lo que está por venir?Beth vio algo cuando se debatía entre la vida y la muerte y ahora está segura de que logrará su sueño, de que llegará a ser una anciana feliz y satisfecha, y de que hay alguien con un aspecto muy concreto con quien compartirá el resto de sus días. Sin embargo, el comienzo de la universidad trae nuevas oportunidades, desvíos que tomar y la presencia de Chris, que le hace sentir tantas cosas como nunca creyó posible… solo que no es el chico que marca el destino.Chris cree en el amor, pero no en los «para siempre». Hasta que Beth se cruza en su camino y lo que empieza como un desafío para intentar demostrar que el futuro se escribe día a día se convierte en algo más. Está seguro de algo: no tiene la cara adecuada, pero es el chico adecuado.¿Está escrito el destino? ¿O puede el amor jugar bajo sus propias reglas? UNA HISTORIA DE AMOR EN LA QUE EL AZAR Y EL DESTINO JUEGAN UN PAPEL ESENCIAL (Notas del editor)
521 1 _aEdad recomendada a partir de los 16 años.
650 7 _2embne
_aLiteratura juvenil
650 7 _2embne
_aLiteratura española
655 7 _2embne
_aNovelas de amor
942 _2udc
_cLPD
_n0
999 _c787
_d787